Statistics for Landlocked Countries that Border Each Other

Click here to take the quiz!

General Stats

  • This quiz has been taken 55,258 times
  • The average score is 26 of 33

Answer Stats

Country% Correct
Austria
92%
Switzerland
91%
Czech Republic
88%
Slovakia
87%
Hungary
87%
Kazakhstan
87%
Uzbekistan
85%
Chad
85%
Liechtenstein
84%
Turkmenistan
84%
Tajikistan
83%
Niger
81%
Kyrgyzstan
81%
Serbia
80%
Bolivia
79%
Paraguay
79%
Afghanistan
78%
Central African
Republic
78%
Mali
77%
South Sudan
77%
Rwanda
75%
Kosovo
74%
Uganda
73%
North Macedonia
72%
Zambia
71%
Zimbabwe
71%
Botswana
69%
Burundi
68%
Malawi
65%
Burkina Faso
65%
Ethiopia
63%
Armenia
62%
Azerbaijan
62%

Score Distribution

Percentile by Number Answered

Percent of People with Each Score

Your Score History

You have not taken this quiz